Негосударственные приложения, программы и сервисы - Армагеддон - Statistics

General Stats
  • This quiz has been taken 11 times
  • The average score is 2 of 15
Answers on the Grid
Answers color-coded by a green-red scale on the quiz's grid according to % correct below.
Telegram
SimpleX
Proton
Mail.ru
WeChat
Delta Chat
Google
Discord
Viber
TextSecure
VK
Госуслуги
Facebook
Bitchat
Одноклассники
Amazon
Ceno
KakaoTalk
Element
Спутник
Kopete
QQ
WhatsApp
DeepSeek
Яндекс
Briar
ТамТам
Signal
Baidu
Max
 
Answer Stats
Answer % Correct
Telegram
100%
Proton
25%
Viber
25%
WhatsApp
25%
Bitchat
0%
Briar
0%
Ceno
0%
Delta Chat
0%
Discord
0%
Element
0%
KakaoTalk
0%
Kopete
0%
Signal
0%
SimpleX
0%
TextSecure
0%
No matching quizzes found
Score Distribution
Percent of People with Each Score
Percentile by Number Answered
Your Score History
You have not taken this quiz